000 00865nam a2200253Ia 4500
001 22003
005 20260320113333.0
008 260320s9999||||xx |||||||||||||| ||und||
020 _a9788466243896
041 _aESP
082 _a158.1
_bG22
100 _aGarcía, María,
_eAUT
245 0 _aEres un chico fantástico :
_bhistorias inspiradoras sobre el valor, la fuerza interior y la confianza en uno mismo
246 _a
_5
_b
260 _aMadrid :
_bLIBSA,
_c2024
300 _a101 páginas :
_bilustraciones ;
_c21 cm.
_e
440 _a
_n
_v
650 _aPSI
653 _aAutoconfianza; Valor - Historia juvenil
654 _aCPS
700 _a
_c
856 _uhttps://0u20vmvc1-y-https-ebookcentral-proquest-com.itmsp.museknowledge.com/lib/catolicasp/home.action
_zVéase además: Base de datos ProQuest Ebook Central
942 _cLIB
_dJUS
_fMAT
_2ddc
_n
999 _c22003
_d22003